A Ceglédi Hírlap tudósítása Herrmann Antal előadásairól

Elmentve itt :
Bibliográfiai részletek
Dokumentumtípus: Kézirat
Megjelent: 1921-05-08
Kulcsszavak:előadás, újságkivágat, cigányzene, magyar népzene
Online Access:http://misc.bibl.u-szeged.hu/46766
LEADER 00565ntm a2200145 i 4500
001 misc46766
005 20200429161051.0
008 200429s1921 hu o 0|| hun d
040 |a SZTE Miscellanea Repozitórium  |b hun 
041 |a hun 
245 0 2 |a A Ceglédi Hírlap tudósítása Herrmann Antal előadásairól  |h [elektronikus dokumentum] 
260 |c 1921-05-08 
561 |a Herrmann Antal hagyaték 
695 |a előadás, újságkivágat, cigányzene, magyar népzene 
856 4 0 |u http://misc.bibl.u-szeged.hu/46766/1/hermann_antal_ms_1934_004_egyeb_003.pdf  |z Dokumentum-elérés